Antimicrobial resistance, antibiotic use, and residues in cambodian food animals , ភាពស៊ាំនឹងឳសថប្រឆាំងមេរោគ ការប្រើប្រាស់ឳសថអង់ទីប៊ីយ៉ូទិក និងកាកសំណល់បសុឳសថក្នុងផលិតកម្មសត្វនៅកម្ពុជា (Record no. 25845)

000 -LEADER
fixed length control field 00680nam a22001217a 4500
040 ## - CATALOGING SOURCE
Transcribing agency VONG PHANNITH, RUA
082 ## - DEWEY DECIMAL CLASSIFICATION NUMBER
Classification number PHD CHE 2025 B707 Or.1
100 ## - MAIN ENTRY--AUTHOR NAME
Personal name CHEA , BUNNA / ជា ប៊ុនណា
245 ## - TITLE STATEMENT
Title Antimicrobial resistance, antibiotic use, and residues in cambodian food animals , ភាពស៊ាំនឹងឳសថប្រឆាំងមេរោគ ការប្រើប្រាស់ឳសថអង់ទីប៊ីយ៉ូទិក និងកាកសំណល់បសុឳសថក្នុងផលិតកម្មសត្វនៅកម្ពុជា
260 ## - PUBLICATION, DISTRIBUTION, ETC. (IMPRINT)
Place of publication PHNOM PENH
Name of publisher RUA
Year of publication 2025
300 ## - PHYSICAL DESCRIPTION
Number of Pages xiii,65p.
Other physical details ill.
Dimensions 29cm.
942 ## - ADDED ENTRY ELEMENTS (KOHA)
Koha item type PHD
952 ## - LOCATION AND ITEM INFORMATION (KOHA)
Withdrawn status [LOCAL, KOHA] 0
952 ## - LOCATION AND ITEM INFORMATION (KOHA)
Withdrawn status [LOCAL, KOHA] 0
Holdings
Permanent Location Date acquired Koha item type Lost status Shelving location Barcode Current Location Full call number
Library Block B2026-06-04PHD B707B712169Library Block BPHD CHE 2025 B707 Or.1
Library Block B2026-06-04PHD B707B712119Library Block BPHD CHE 2025 B707 Or.2
មជ្ឈមណ្ឌលឯការនៃសាកលវិទ្យាល័យភូមិន្ទកសិកម្មចំការដូង

Powered by Koha